[Event "Ceuta"]
[Site "Ceuta"]
[Date "1995.??.??"]
[Round "4"]
[White "Komljenovic, Davorin"]
[Black "Tarrio, Javier"]
[Result "1-0"]
[WhiteElo "2465"]
[BlackElo "2000"]
[PlyCount "87"]
[EventDate "1995.??.??"]
[EventType "tourn"]
[EventRounds "9"]
[EventCountry "ESP"]
[EventCategory "1"]
[SourceTitle "EXT 1997"]
[Source "ChessBase"]
[SourceDate "1996.11.15"]
[SourceVersion "1"]
[SourceVersionDate "1996.11.15"]
[SourceQuality "1"]

1. d4 f5 2. g3 Nf6 3. Bg2 g6 4. c4 Bg7 5. Nc3 0-0 6. Nf3 d6 7. 0-0 Nc6 8. d5 Ne5 9. Nxe5 dxe5 10. Qb3 e6 11. Be3 exd5 12. cxd5 Ne8 13. d6+ Kh8 14. dxc7 Nxc7 15. Bc5 Re8 16. Rfd1 Qf6 17. Bd6 Ne6 18. Qa4 Qf7 19. Ba3 e4 20. f3 exf3 21. exf3 b6 22. f4 Rb8 23. Nb5 Bf8 24. Nd6 Bxd6 25. Bxd6 b5 26. Qa5 Rb6 27. Rac1 h6 28. Rd2 Kg8 29. Be5 h5 30. Rdc2 Ba6 31. b4 Rd8 32. Qa3 Qd7 33. h4 Qd3 34. Rc3 Qd7 35. Kh2 Kf8 36. Bf6 Rc8 37. Be5 Rxc3 38. Rxc3 Kf7 39. Rd3 Qc8 40. Rd2 Ke8 41. Qe3 Bb7 42. Bd4 Bxg2 43. Bxb6 Bb7 44. Bc5 1-0

[Event "Ceuta"]
[Site "Ceuta"]
[Date "1995.??.??"]
[Round "6"]
[White "Pogorelov, Ruslan"]
[Black "Tarrio, Javier"]
[Result "1-0"]
[WhiteElo "2440"]
[BlackElo "2000"]
[PlyCount "103"]
[EventDate "1995.??.??"]
[EventType "tourn"]
[EventRounds "9"]
[EventCountry "ESP"]
[EventCategory "1"]
[SourceTitle "EXT 1997"]
[Source "ChessBase"]
[SourceDate "1996.11.15"]
[SourceVersion "1"]
[SourceVersionDate "1996.11.15"]
[SourceQuality "1"]

1. Nf3 f5 2. b3 Nf6 3. Bb2 g6 4. g3 Bg7 5. Bg2 0-0 6. 0-0 d6 7. d4 Ne4 8. e3 Nc6 9. Qe2 e5 10. dxe5 dxe5 11. Rd1 Qe7 12. Na3 Nd6 13. Nc4 e4 14. Nd4 Nxd4 15. Bxd4 Nb5 16. Bxg7 Qxg7 17. Nb6 axb6 18. Qxb5 Ra5 19. Qb4 Rc5 20. c4 Re5 21. Rac1 Ree8 22. c5 Qe7 23. Rd4 bxc5 24. Qxc5 Qxc5 25. Rxc5 c6 26. Rc2 Rd8 27. Rcd2 Rxd4 28. Rxd4 Kf7 29. g4 Ke6 30. gxf5+ gxf5 31. f3 exf3 32. Bxf3 Bd7 33. Rh4 Rf7 34. Rb4 b5 35. Rd4 Rg7+ 36. Kf2 Rg8 37. Rh4 Ra8 38. a4 bxa4 39. bxa4 Ra5 40. Rh6+ Ke5 41. Rxh7 Kd6 42. Rh4 c5 43. Bd1 Be6 44. Rf4 c4 45. h4 Rd5 46. Rd4 Rxd4 47. exd4 Bf7 48. Ke3 Bg6 49. h5 Bh7 50. Kf4 Kd5 51. a5 Kc6 52. Ba4+ 1-0

[Event "Andalucia-chT"]
[Site "Granada"]
[Date "1991.??.??"]
[Round "2"]
[White "Hervas, J."]
[Black "Tarrio, Javier"]
[Result "1-0"]
[WhiteElo "2295"]
[BlackElo "2250"]
[PlyCount "91"]
[EventDate "1991.??.??"]
[EventType "team"]
[EventRounds "9"]
[EventCountry "ESP"]
[SourceTitle "EXT 2000"]
[Source "ChessBase"]
[SourceDate "1999.11.16"]
[SourceVersion "1"]
[SourceVersionDate "1999.11.16"]
[SourceQuality "1"]

1. d4 d5 2. c4 e6 3. Nc3 c5 4. cxd5 exd5 5. Nf3 Nc6 6. g3 Nf6 7. Bg2 Be7 8. 0-0 0-0 9. dxc5 Bxc5 10. Bg5 d4 11. Bxf6 Qxf6 12. Nd5 Qd8 13. Nd2 Bg4 14. h3 Be6 15. Nf4 Qd7 16. Nxe6 Qxe6 17. Nb3 Bb6 18. Kh2 Rad8 19. Qd2 Rfe8 20. Rfe1 Qf6 21. Rf1 Re5 22. Rac1 Rde8 23. Bxc6 bxc6 24. Rce1 Re4 25. Qc2 Qe6 26. Nc1 Bc7 27. Kg2 Qd5 28. Qb3 Qd6 29. Rd1 h5 30. Qf3 h4 31. Rd3 c5 32. b3 hxg3 33. fxg3 f6 34. Qh5 Qe7 35. Rf5 Re5 36. Rdf3 Bb8 37. Qg6 Rxf5 38. Qxf5 Qd6 39. h4 Re5 40. Qc8+ Kf7 41. Kf1 Re7 42. Nd3 Bc7 43. Qf5 Bb8 44. Qxc5 Qxc5 45. Nxc5 Be5 46. b4 1-0

[Event "Andalucia-chT"]
[Site "Granada"]
[Date "1991.??.??"]
[Round "3"]
[White "Tarrio, Javier"]
[Black "Medina Garcia, Diego"]
[Result "0-1"]
[WhiteElo "2250"]
[BlackElo "2250"]
[PlyCount "82"]
[EventDate "1991.??.??"]
[EventType "team"]
[EventRounds "9"]
[EventCountry "ESP"]
[SourceTitle "EXT 2000"]
[Source "ChessBase"]
[SourceDate "1999.11.16"]
[SourceVersion "1"]
[SourceVersionDate "1999.11.16"]
[SourceQuality "1"]

1. Nf3 g6 2. d4 Bg7 3. g3 d6 4. Bg2 Nd7 5. c4 e5 6. Nc3 Ngf6 7. e4 0-0 8. 0-0 c6 9. h3 Qb6 10. d5 Nc5 11. Ne1 cxd5 12. cxd5 Bd7 13. Rb1 Bb5 14. Nxb5 Qxb5 15. f3 Nh5 16. Kh2 f5 17. exf5 gxf5 18. f4 Qe8 19. Bf3 Nf6 20. Ng2 Nfe4 21. Bd2 a5 22. Be1 b5 23. Qe2 b4 24. Rc1 Bh6 25. Rc4 Ra7 26. Bh5 Qa8 27. fxe5 Qxd5 28. exd6 Qxd6 29. Rf3 Re7 30. Qf1 Qe5 31. Rc2 Nd6 32. a3 Rb8 33. axb4 axb4 34. Bf2 Nce4 35. Be3 f4 36. Rxf4 Bxf4 37. Nxf4 Nxg3 38. Rg2 Rg7 39. Rxg3 Rxg3 40. Bd4 Qxd4 41. Kxg3 Rf8 0-1

[Event "Andalucia-chT"]
[Site "Granada"]
[Date "1991.??.??"]
[Round "5"]
[White "Tarrio, Javier"]
[Black "Rodriguez Aguilera, Antonio"]
[Result "1/2-1/2"]
[WhiteElo "2250"]
[BlackElo "2350"]
[PlyCount "44"]
[EventDate "1991.??.??"]
[EventType "team"]
[EventRounds "9"]
[EventCountry "ESP"]
[SourceTitle "EXT 2000"]
[Source "ChessBase"]
[SourceDate "1999.11.16"]
[SourceVersion "1"]
[SourceVersionDate "1999.11.16"]
[SourceQuality "1"]

1. Nf3 d6 2. d4 Bg4 3. e4 Nf6 4. Nc3 e6 5. Be2 Be7 6. 0-0 0-0 7. d5 e5 8. Ne1 Bxe2 9. Qxe2 c6 10. Bg5 Nbd7 11. Bxf6 Nxf6 12. Rd1 Qb6 13. b3 Rfc8 14. g3 Qb4 15. dxc6 bxc6 16. Rd3 Nd7 17. Na4 Nb6 18. Nxb6 axb6 19. a4 b5 20. axb5 Qxb5 21. Ng2 Qb4 22. Rfd1 Ra2 1/2-1/2